[Event "Zonal 2.4 Absoluto 2013"]
[Site "Manaus BRA"]
[Date "2013.04.27"]
[Round "1.4"]
[White "Da Silva,Mikhail Zoltan Iwanon"]
[Black "Cori,J"]
[Result "0-1"]
[WhiteElo "1998"]
[BlackElo "2546"]

1.e4 c5 2.Ne2 Nc6 3.Nbc3 e6 4.g3 Nf6 5.Bg2 Be7 6.O-O O-O 7.d4 cxd4 8.Nxd4 d6
9.Be3 Bd7 10.Ndb5 Qb8 11.f4 a6 12.Nd4 Qc7 13.Nb3 b5 14.a3 Rac8 15.Qf3 b4
16.axb4 Nxb4 17.Rf2 Bc6 18.Qe2 Rb8 19.Rd1 Rfd8 20.Nd4 Ba8 21.g4 Nd7 22.g5 Nc5
23.f5 e5 24.f6 exd4 25.fxe7 Qxe7 26.Rxd4 Ne6 27.Rc4 Nxg5 28.Bxg5 Qxg5 29.Rc7 Rf8
30.Qc4 Qg6 31.Ra7 Nc6 32.Rxa6 Ne5 33.Qa4 Ng4 34.Re2 Qh6 35.h3 Qc1+ 36.Bf1 Ne5
37.Rf2 Qxb2 38.Nd5 Qc1 39.Rxd6 Rb1 40.Qa6 Bxd5 41.exd5 Qe3 42.Kg2 Qd4 43.Kg3 Rc1
44.Qb6 Rxf1 45.Rxf1 Nc4 46.Qc7 Qe5+ 47.Rf4 Nxd6  0-1

[Event "48th Capablanca Open II 2013"]
[Site "Havana CUB"]
[Date "2013.04.28"]
[Round "7.48"]
[White "Garcia Treto,Diana Leydis"]
[Black "Martinez Perez,Juan Carlos"]
[Result "1-0"]
[WhiteElo "1975"]
[BlackElo "1424"]

1.e4 c5 2.Nf3 Nc6 3.Nc3 d6 4.g3 Nf6 5.Bg2 g6 6.O-O Bg7 7.d3 O-O 8.Be3 Ng4
9.Qd2 Nxe3 10.fxe3 Qb6 11.Rab1 Be6 12.Nd5 Bxd5 13.exd5 Nb4 14.e4 Rac8 15.a3 c4+
16.d4 Na6 17.Kh1 Qc7 18.Rfe1 e5 19.dxe6 fxe6 20.e5 Rfd8 21.Bh3 Re8 22.d5 Rcd8
23.Bxe6+ Kh8 24.exd6 Rxd6 25.c3 Nc5 26.Nd4 a6 27.Qg5 Bxd4 28.cxd4 Nxe6 29.Rxe6 Rexe6
30.dxe6 Rxe6 31.Rf1 Qe7 32.Qxe7 Rxe7 33.Kg2 Re4 34.Rf4 Re2+ 35.Rf2 Re3 36.Rd2 Kg7
37.d5 Kf7 38.d6 Ke8 39.Kf2 Re6 40.Rd4 b5 41.d7+ Kd8 42.Kf3 Re7 43.Rd6 Rxd7
44.Rxa6 Rd3+ 45.Ke4 Rb3 46.a4 Rxb2 47.axb5 c3 48.Rc6 Rxh2 49.Rxc3 Rb2 50.Rc5 Rb3
51.Kf4 Kd7 52.Rd5+ Kc7 53.Rg5 Kb6 54.Re5 Rb4+ 55.Kg5 h5 56.Re6+ Kxb5 57.Rxg6 Rg4+
58.Kxh5 Re4 59.g4 Kc5 60.g5 Kd5 61.Rf6 Re1 62.Kh6 Rh1+ 63.Kg7 Rg1 64.g6 Ke5
65.Kf7 Ra1 66.g7 Ra7+ 67.Kg6 Ra8 68.Rf8 Ra6+ 69.Kg5  1-0

[Event "48th Capablanca Open I 2013"]
[Site "Havana CUB"]
[Date "2013.04.28"]
[Round "7.33"]
[White "Llaudy Pupo,L"]
[Black "Diaz,Rid"]
[Result "1/2-1/2"]
[WhiteElo "2270"]
[BlackElo "2349"]

1.e4 c5 2.Ne2 Nc6 3.Nbc3 g6 4.g3 Bg7 5.Bg2 Nf6 6.d3 O-O 7.Be3 d6 8.h3 Bd7
9.Qd2 Qc8 10.Bh6 Nd4 11.Bxg7 Kxg7 12.Nxd4 cxd4 13.Ne2 e5 14.c3 dxc3 15.Nxc3 Be6
16.Rc1 Qd8 17.O-O Qb6 18.Rfd1 Rac8 19.Rc2 Ng8 20.d4 Ne7 21.dxe5 dxe5 22.Qd6 Qxd6
23.Rxd6 Nc6 24.Rcd2 Rfd8 25.Rxd8 Nxd8 26.f3 Nc6 27.Kf2 Nd4 28.Bf1 a6 29.h4 b5
30.a3 Kf8 31.Bd3 Ke7 32.Ne2 Nb3 33.Rc2 Rd8 34.Ke3 Kd6 35.Nc1 Nd4 36.Rc3 Rb8
37.Ne2 Nc6 38.Nc1 a5 39.Ne2 f6 40.Rc1 Rb7 41.Rd1 Kc7 42.Rc1 Kb6 43.Nc3 Nd4
44.f4 Ka7 45.Ne2 Nxe2 46.Bxe2 Kb6 47.Rd1 Kc7 48.Rc1+ Kb6 49.Rd1 Kc7 50.Rc1+  1/2-1/2

[Event "ch-FRA Junior 2013"]
[Site "Saint-Paul-Trois-Chateaux FRA"]
[Date "2013.04.29"]
[Round "3.9"]
[White "Thuret,M"]
[Black "Ollier,M"]
[Result "1/2-1/2"]
[WhiteElo "1895"]
[BlackElo "2155"]

1.e4 c5 2.Nc3 Nc6 3.Nf3 e5 4.Bc4 d6 5.d3 Be7 6.O-O Nf6 7.Ng5 O-O 8.f4 exf4
9.Bxf4 h6 10.Nf3 Be6 11.Nd5 Bxd5 12.Bxd5 Nxd5 13.exd5 Nb8 14.c4 Nd7 15.Rb1 b5
16.b3 b4 17.Kh1 Qb6 18.Qe1 Rfe8 19.Qg3 Kh7 20.Qh3 Qd8 21.g4 a5 22.g5 a4 23.Qf5+ Kg8
24.gxh6 g6 25.h7+ Kg7 26.Qh3 axb3 27.axb3 Kh8 28.Rg1 Ra2 29.d4 Bf6 30.Bxd6 cxd4
31.Ra1 Ree2 32.c5 Nxc5 33.Bxc5 Qxd5 34.Rxa2 Rxa2 35.Re1 Qa8 36.Kg1 Ra1 37.Rxa1 Qxa1+
38.Qf1 Qc3 39.Qe2 Qxc5 40.Qe8+ Kxh7 41.Qxf7+ Bg7 42.Qf4 d3+ 43.Kf1 Bh6 44.Qf7+ Bg7
45.Qf4 Bh6 46.Qf7+ Bg7 47.Qf4  1/2-1/2

[Event "48th Capablanca Open II 2013"]
[Site "Havana CUB"]
[Date "2013.04.30"]
[Round "9.4"]
[White "Campos Jimenez,Augusto Cesar"]
[Black "De La Torre Sanchez,Adrian"]
[Result "1-0"]
[WhiteElo "2203"]
[BlackElo "2154"]

1.e4 c5 2.Ne2 Nc6 3.Nbc3 Nf6 4.g3 d6 5.d4 cxd4 6.Nxd4 g6 7.Nde2 Bg7 8.Bg2 O-O
9.O-O Rb8 10.a4 a6 11.Bd2 Bg4 12.h3 Bd7 13.Nd5 Nxd5 14.exd5 Na5 15.Ra2 Nc4
16.Bc1 b5 17.b3 Na5 18.axb5 axb5 19.Be3 b4 20.Re1 Qc7 21.Bd4 Bxd4 22.Qxd4 Rb5
23.Nf4 Bf5 24.Be4 Bxe4 25.Rxe4 Rbb8 26.h4 Nb7 27.Ra7 Qxc2 28.Rxe7 Qc8 29.Ne6  1-0

[Event "Zone 4.2 2013"]
[Site "Cairo EGY"]
[Date "2013.05.02"]
[Round "4.2"]
[White "Hassan,Say"]
[Black "Ndikumana,Yves"]
[Result "1-0"]
[WhiteElo "2363"]
[BlackElo "2088"]

1.e4 c5 2.Nc3 Nc6 3.Bb5 Nd4 4.Nf3 Nxb5 5.Nxb5 a6 6.Nc3 d6 7.d4 cxd4 8.Qxd4 e5
9.Qd3 h6 10.Be3 Nf6 11.O-O Be6 12.a4 Rc8 13.Nd2 Be7 14.Nd5 O-O 15.c4 Nd7
16.b4 f5 17.f3 Bg5 18.exf5 Bxf5 19.Ne4 Kh8 20.Rad1 Qe8 21.Bxg5 hxg5 22.Ne3 Bxe4
23.fxe4 Rf6 24.Nf5 Qh5 25.Nxd6 Rcf8 26.Nf5 R8f7 27.Qh3 Qxh3 28.gxh3 Rb6 29.Nd6 Rf4
30.b5 a5 31.Rd2 Nc5 32.Rfd1 Kh7 33.Rd5  1-0

[Event "Zonal 2.4 Absoluto 2013"]
[Site "Manaus BRA"]
[Date "2013.05.02"]
[Round "8.13"]
[White "Schutt,Ri"]
[Black "Andrade,Rob"]
[Result "1/2-1/2"]
[WhiteElo "2140"]
[BlackElo "2198"]

1.e4 c5 2.Nc3 Nc6 3.Nge2 Nf6 4.d4 cxd4 5.Nxd4 e5 6.Ndb5 d6 7.Bg5 a6 8.Na3 b5
9.Nd5 Be7 10.Nxe7 Qxe7 11.f3 O-O 12.c4 b4 13.Nc2 Rb8 14.b3 h6 15.Be3 Nh5
16.Be2 Nf4 17.Bxf4 exf4 18.O-O Be6 19.Qd2 g5 20.Rad1 Rfd8 21.Rfe1 Kg7 22.Bf1 Qa7+
23.Kh1 Qc5 24.g3 Qe5 25.Nd4 Nxd4 26.Qxd4 Qxd4 27.Rxd4 Kf8 28.Red1 Ke7 29.Bd3 a5
30.Kg2 f6 31.Kf2 Rd7 32.Bc2 Rdd8 33.R4d2 Rbc8 34.Rd4 Rc5 35.R1d2 Re5 36.Kg2 Rd7
37.Kf2 Bf7 38.Rd1 Rc5  1/2-1/2

[Event "Mukachevo Rating 18 2013"]
[Site "Mukachevo UKR"]
[Date "2013.05.02"]
[Round "2.5"]
[White "Kristofori,A"]
[Black "Sharapov,E"]
[Result "0-1"]
[WhiteElo "2003"]
[BlackElo "2411"]

1.e4 c5 2.Nc3 Nc6 3.Nf3 d6 4.d4 cxd4 5.Nxd4 Nf6 6.Bg5 Qb6 7.Nb3 e6 8.Qd2 Be7
9.Be2 O-O 10.Be3 Qc7 11.O-O-O a6 12.f3 b5 13.Kb1 Nd7 14.Rhe1 Nb6 15.Rc1 Ne5
16.Qd4 Nec4 17.Nd1 Bb7 18.Nd2 Rfd8 19.Nxc4 Nxc4 20.Bxc4 bxc4 21.Nc3 Rab8
22.Rcd1 Bf6 23.Qd2 d5 24.e5 Bxe5 25.Bg5 Rdc8 26.Rxe5 Qxe5 27.Bf4 Qf6 28.Bxb8 Rxb8
29.f4 Bc6 30.g4 Qe7 31.Ne2 e5 32.fxe5 Qxe5 33.Nd4 Bd7 34.Re1 Qd6 35.g5 g6
36.c3 Re8 37.Rxe8+ Bxe8 38.Qe3 Bd7 39.h4 Bf5+ 40.Nxf5 gxf5 41.Qe8+ Kg7 42.h5 h6
43.gxh6+ Qxh6 44.Qe5+ Qf6 45.Qf4 Qe6 46.Qg5+ Kh7 47.a3 f4 48.Ka2 f3 49.Qf4  0-1

[Event "Old Capital Open 2013"]
[Site "Veliko Tarnovo BUL"]
[Date "2013.05.02"]
[Round "3.16"]
[White "Gazis,Ef"]
[Black "Stoyanov,Valeri"]
[Result "1-0"]
[WhiteElo "2279"]
[BlackElo "1904"]

1.e4 c5 2.Nf3 Nc6 3.Nc3 d6 4.d4 cxd4 5.Nxd4 g6 6.Be3 Bg7 7.Qd2 Nf6 8.f3 O-O
9.g4 a6 10.h4 h5 11.gxh5 Nxh5 12.O-O-O Nxd4 13.Bxd4 Qa5 14.Rg1 Bxd4 15.Qxd4 b5
16.Kb1 Be6 17.Rg5 Rac8 18.Nd5 Bxd5 19.exd5 Qc7 20.Bd3 Qc5 21.Qe4 Nf6 22.Qxe7 Nh7
23.Rg2 Qxd5 24.Rdg1 Qe5 25.Qa7 Rfe8 26.Qf2 Kh8 27.h5 g5 28.a3 f6 29.Qa7 Qe7
30.Qxa6 b4 31.Re2 Qc7 32.Rxe8+ Rxe8 33.axb4 Nf8 34.Qa5 Qe7 35.Qf5 Rb8 36.b5 Ra8
37.c3 Qf7 38.Kc2 d5 39.Rxg5 d4 40.Qd5 Qxd5 41.Rxd5 dxc3 42.bxc3 Kg7 43.Kb3 Ne6
44.Be4 Rb8 45.Kb4 Kf8 46.h6 Ke7 47.Bf5 Nf4 48.Rd7+ Ke8 49.h7 Nd3+ 50.Rxd3  1-0

[Event "8th Angers Open"]
[Site "Angers FRA"]
[Date "2013.05.03"]
[Round "1.9"]
[White "Rabouan,J"]
[Black "Ismailov,Makhad"]
[Result "1/2-1/2"]
[WhiteElo "1896"]
[BlackElo "1625"]

1.e4 c5 2.Nf3 Nc6 3.Nc3 g6 4.d4 cxd4 5.Nxd4 Bg7 6.Nb3 d6 7.Be2 Nf6 8.O-O O-O
9.f4 Ne8 10.g4 f5 11.gxf5 gxf5 12.Kh1 Kh8 13.Rg1 Nf6 14.Bd3 fxe4 15.Nxe4 Nxe4
16.Bxe4 Bf5 17.Bxf5 Rxf5 18.Qg4 Qf8 19.c3 e5 20.Be3 exf4 21.Raf1 Ne5 22.Qh3 Qf7
23.Nd4 Rh5  1/2-1/2

[Event "8th Angers Open"]
[Site "Angers FRA"]
[Date "2013.05.03"]
[Round "1.15"]
[White "Cheikh-Boukal,Ziyad"]
[Black "Maruejols,P"]
[Result "1/2-1/2"]
[WhiteElo "1567"]
[BlackElo "1477"]

1.e4 c5 2.Nf3 Nc6 3.Nc3 a6 4.a4 e6 5.Bc4 Be7 6.d4 cxd4 7.Nxd4 Bb4 8.Ne2 Nge7
9.O-O O-O 10.Bf4 b6 11.Qd3 Ng6 12.Qg3 d6 13.Rfd1 e5 14.Be3 Nce7 15.Nd5 Nxd5
16.Bxd5 Ra7 17.c3 Bc5 18.Bg5 Qd7 19.b4 Bxf2+ 20.Kxf2 Bb7 21.Bxb7 Rxb7 22.h3 f5
23.exf5 Qxf5+ 24.Kg1 Rd7 25.Rf1 Qc2 26.Rxf8+ Nxf8 27.Qf3 Rf7 28.Qe3 Qf5 29.Bh4 Ng6
30.Qxb6 Nxh4 31.Qd8+ Rf8 32.Qxh4 e4 33.Rd1 e3 34.Qc4+ Kh8  1/2-1/2

[Event "Chinese Teams 2013"]
[Site "Tianjin CHN"]
[Date "2013.05.03"]
[Round "4.4"]
[White "Wang,Yiye"]
[Black "Ni Hua"]
[Result "0-1"]
[WhiteElo "2245"]
[BlackElo "2646"]

1.e4 c5 2.Nf3 Nc6 3.Nc3 e6 4.Bb5 Nge7 5.O-O Qb6 6.Re1 Nd4 7.Bf1 Nec6 8.b3 Be7
9.Bb2 O-O 10.Nxd4 cxd4 11.Nd5 exd5 12.exd5 Bf6 13.dxc6 bxc6 14.Bd3 d6 15.c3 Bd7
16.cxd4 Bxd4 17.Bxd4 Qxd4 18.Qc2 h6 19.Qc3 Qxc3 20.dxc3 Rfe8 21.Kf1 Kf8 22.Rxe8+ Kxe8
23.Re1+ Kd8 24.Bc4 d5 25.Ba6 Kc7 26.Re7 Rf8 27.Ke1 Kd6 28.Re3 Rb8 29.Kd2 c5
30.Bd3 a5 31.Rf3 f6 32.Rg3 g5 33.Rf3 Rf8 34.h4 d4 35.cxd4 cxd4 36.Bc4 Ke5
37.Rg3 Rc8 38.Ke1 Bf5 39.Kd1 Rc7 40.hxg5 hxg5 41.Bd3 Be6 42.Kd2 g4 43.Bc4 Bxc4
44.bxc4 Rxc4 45.Rxg4 Ra4 46.Rh4 Rxa2+ 47.Kd3 Ra3+ 48.Kd2 f5 49.Rh8 Ra2+ 50.Kd3 Rxf2
51.Re8+ Kf4 52.Ra8 Rxg2 53.Rxa5 Rg1 54.Ra4 Kf3 55.Ra5 f4 56.Kxd4 Re1 57.Ra3+ Kg2
58.Ra2+ Kg3  0-1

[Event "8th Angers Open"]
[Site "Angers FRA"]
[Date "2013.05.04"]
[Round "3.24"]
[White "Clement,Christian"]
[Black "Ismailov,Makhad"]
[Result "0-1"]
[WhiteElo "1471"]
[BlackElo "1625"]

1.e4 c5 2.Nc3 Nc6 3.Nf3 g6 4.Bc4 Bg7 5.Ne2 Nf6 6.d3 O-O 7.O-O d6 8.h3 Rb8
9.a3 b5 10.Ba2 a5 11.Ng3 Nd7 12.Rb1 Ba6 13.Re1 Re8 14.Ng5 Rf8 15.c3 b4 16.Bd2 Bxd3
17.Rc1 Ba6 18.Bd5 Nce5 19.Re3 bxa3 20.bxa3 Nb6 21.Rb1 Nxd5 22.Rxb8 Qxb8 23.exd5 Re8
24.f4 Nc4 25.Rf3 Qb2 26.Bc1 Qb6 27.f5 Ne5 28.Re3 Bh6 29.Re1 Nd3 30.fxg6 hxg6
31.N3e4 Nxe1 32.Qxe1 Qd8 33.Ne6 fxe6 34.Bxh6 exd5 35.Ng5 e5 36.Qf2 Rf8 37.Bxf8 Qxf8
38.Qxf8+ Kxf8 39.Ne6+ Kf7 40.Nc7 Bc4 41.Kf2 d4 42.cxd4 cxd4 43.Na8 a4 44.Nb6 Bb3
45.Ke2 Ke6 46.Kd3 Kf5 47.g3 d5 48.Nc8 Bc4+ 49.Kd2 Ke4 50.Nd6+ Kf3  0-1

[Event "ch-FRA Junior 2013"]
[Site "Saint-Paul-Trois-Chateaux FRA"]
[Date "2013.05.04"]
[Round "8.5"]
[White "Louis,T"]
[Black "Ollier,M"]
[Result "0-1"]
[WhiteElo "2217"]
[BlackElo "2155"]

1.e4 c5 2.Nc3 Nc6 3.Bb5 Nd4 4.Nf3 e6 5.O-O a6 6.Bd3 d6 7.Nxd4 cxd4 8.Ne2 d5
9.exd5 Qxd5 10.c4 dxc3 11.dxc3 Nf6 12.c4 Qc6 13.b4 Bxb4 14.Bb2 Bc5 15.Qd2 b6
16.Nd4 Bxd4 17.Bxd4 Bb7 18.f3 O-O-O 19.Qf2 Ng4 20.fxg4 Rxd4 21.Be2 Rd2 22.Rab1 Qxg2+
23.Qxg2 Bxg2 24.Rf2 Be4 25.Rxb6 Rxa2 26.c5 Ra1+ 27.Bf1 Bg6 28.Kg2 Rd8 29.Bxa6+ Kc7
30.Bb7 Ra5 31.Bf3 Rxc5 32.Rb7+ Kc8 33.Ra2 Rc2+ 34.Rxc2+ Bxc2 35.Rxf7 Rd7
36.Rf8+ Kc7 37.Ra8 Kd6 38.Kg3 e5 39.Ra6+ Ke7 40.Ra5 Ke6 41.Rc5 Bb1 42.Rb5 Bd3
43.Rb6+ Rd6 44.Rb4 Bc2 45.h4 h6 46.Kf2 Rd2+ 47.Ke3 Rd3+ 48.Kf2 Rd4 49.Rb6+ Rd6
50.Rb4 Bd1 51.Rb7 Bxf3 52.Kxf3 Rd3+ 53.Ke2 Rd7 54.Rb6+ Kd5 55.Ke3 Rc7 56.Kd3 e4+
57.Ke3 Rc3+ 58.Ke2 Rc6 59.Rb8 Rg6 60.g5 hxg5 61.hxg5 Ke5 62.Ke3 Rxg5 63.Re8+ Kf5
64.Rf8+ Kg4 65.Rf4+ Kg3 66.Rxe4 Ra5 67.Re7 g5 68.Re8 g4 69.Rg8 Re5+ 70.Kd2 Kf3
71.Rf8+ Kg2 72.Rf7 g3 73.Rf8 Kg1 74.Rf7 g2 75.Rh7 Re4 76.Kd3 Re1 77.Kd2 Rf1
78.Ke2 Rf2+ 79.Ke1 Rf4 80.Re7 Kh2 81.Rh7+ Kg3 82.Rg7+ Kf3 83.Rg8 Re4+ 84.Kd1 Rg4
85.Rf8+ Kg3 86.Ke2 g1=Q 87.Rf3+ Kh4 88.Re3 Qxe3+  0-1

[Event "Llucmajor Open 2013"]
[Site "Llucmajor ESP"]
[Date "2013.05.05"]
[Round "9.4"]
[White "Satyapragyan,S"]
[Black "Arribas Lopez,A"]
[Result "1/2-1/2"]
[WhiteElo "2463"]
[BlackElo "2494"]

1.e4 c5 2.Nc3 Nc6 3.Nf3 g6 4.Bb5 Bg7 5.d3 Na5 6.d4 a6 7.Be2 cxd4 8.Nxd4 d6
9.Nb3 Be6 10.O-O Nf6 11.e5 Nxb3 12.exf6 Nxc1 13.fxg7 Nxe2+ 14.Nxe2 Rg8 15.Nf4 Rxg7
16.Re1 Qd7 17.Qd4 Kf8 18.Re3 Rc8 19.Rae1 Rxc2 20.h4 Kg8  1/2-1/2

[Event "Oceania Open zt 2013"]
[Site "Nadi FIJ"]
[Date "2013.05.05"]
[Round "2.2"]
[White "Lane,G"]
[Black "Dordevic,Ivan"]
[Result "0-1"]
[WhiteElo "2412"]
[BlackElo "2095"]

1.e4 c5 2.Nc3 Nc6 3.Bb5 Nd4 4.Bc4 g6 5.Nf3 Bg7 6.Nxd4 cxd4 7.Qf3 Nf6 8.Nb5 O-O
9.Nxd4 d5 10.exd5 e5 11.Ne2 Bf5 12.Bb3 Be4 13.Qg3 Qc8 14.d3 Nh5 15.Qe3 Bxg2
16.Rg1 Qg4 17.Qg5 Qxg5 18.Bxg5 Bf3 19.d6 Bf6 20.Nc3 Rfd8 21.Ne4 Bxe4 22.dxe4 Rxd6
23.Bd5 Rad8 24.O-O-O b5 25.c3 Kg7 26.f3 Bxg5+ 27.Rxg5 Nf4 28.Kc2 Nxd5 29.exd5 Rxd5
30.Rxd5 Rxd5 31.b3 f5 32.Rg2 Kf6 33.c4 Rc5 34.Kc3 a5 35.a3 g5 36.Rd2 Ke7
37.Rg2 h6 38.Kd3 a4 39.cxb5 Rxb5 40.b4 Rd5+ 41.Ke3 f4+ 42.Ke2 e4 43.fxe4 Rd4
44.Kf3 Rd3+ 45.Kg4 Rxa3 46.Kh5 Kf6 47.b5 Rh3+ 48.Kg4 Rb3 49.Ra2 Kg6  0-1

[Event "Asian Zonal 3.1 2013"]
[Site "Doha QAT"]
[Date "2013.05.06"]
[Round "3.2"]
[White "Darini,P"]
[Black "Al Modiahki,M"]
[Result "1-0"]
[WhiteElo "2530"]
[BlackElo "2550"]

1.e4 c5 2.Nf3 Nc6 3.Nc3 g6 4.d4 cxd4 5.Nxd4 Bg7 6.Be3 Nf6 7.Bc4 O-O 8.Bb3 d6
9.f3 Bd7 10.Qd2 Na5 11.h4 Nxb3 12.axb3 h5 13.Bh6 Bxh6 14.Qxh6 e5 15.Nde2 b5
16.b4 a5 17.bxa5 b4 18.Nd1 d5 19.Ne3 dxe4 20.Ng3 exf3 21.gxf3 e4 22.Rd1 Qc7
23.Rg1 exf3 24.Rxd7 Qxd7 25.Ngf5 Ne8 26.Kf2 Rxa5 27.Qxh5 Rxf5 28.Qxf5 Qd4
29.Qxf3 Nf6 30.h5 Qh4+ 31.Kf1 Qxh5 32.Qxf6 Re8 33.Kf2 Re4 34.Qf3 Qh2+ 35.Rg2 Qe5
36.Rg5 Qxg5 37.Qxe4 Qf6+ 38.Ke2 Qxb2 39.Qc4 Kg7 40.Nd5 Qe5+ 41.Kd3 Qg3+ 42.Kd2 Qg5+
43.Ne3 Qa5 44.Qd4+ Kg8 45.Qd5 Qc7 46.Qc4 Qa5 47.Qb3 Qc5 48.Nd5 Qf2+ 49.Kd3 Qf1+
50.Kd4 Kg7 51.Nxb4 Qf6+ 52.Kc4 Qf4+ 53.Kc5 Qf2+ 54.Kb5 g5 55.Qd5 Kg6 56.c4 g4
57.Nd3 Qf1 58.Ne5+ Kg5 59.Nxf7+ Kh4 60.Qg5+ Kh3 61.Qh5+ Kg3 62.Ne5 Qb1+ 63.Kc6  1-0

[Event "31st Liechtenstein Open 2013"]
[Site "Triesen LIE"]
[Date "2013.05.07"]
[Round "5.4"]
[White "Meng,R"]
[Black "Belezky,A"]
[Result "1/2-1/2"]
[WhiteElo "2308"]
[BlackElo "2463"]

1.e4 c5 2.Nc3 Nc6 3.Bb5 Nd4 4.Bc4 a6 5.Nf3 b5 6.Nxd4 cxd4 7.Bd5 Rb8 8.Ne2 Nf6
9.Bb3 Nxe4 10.Nxd4 e6 11.c3 Qh4 12.O-O Bd6 13.Nf3 Qh5 14.d4 Bb7 15.Ne5 Qxd1
16.Rxd1 Ke7  1/2-1/2

[Event "Tschaturanga Open 2013"]
[Site "Vienna AUT"]
[Date "2013.05.07"]
[Round "2.11"]
[White "Kersten,Julian"]
[Black "Umudova,N"]
[Result "0-1"]
[WhiteElo "1948"]
[BlackElo "2233"]

1.e4 c5 2.Nf3 Nc6 3.Nc3 Nf6 4.Bb5 Nd4 5.e5 Nxb5 6.Nxb5 Nd5 7.Ng5 f6 8.Ne4 f5
9.Ng3 Qb6 10.Nc3 Qe6 11.O-O g6 12.Re1 b6 13.Nb5 Qc6 14.Qf3 Qxb5 15.Qxd5 Qc6
16.Qxc6 dxc6 17.d3 Be6 18.a4 a5 19.Ne2 Kf7 20.Nf4 Bh6 21.Nxe6 Bxc1 22.Raxc1 Kxe6
23.f4 h6 24.Kf2 g5 25.g3 Rhg8 26.Rg1 Rad8 27.b3 Rg6 28.Rg2 Rd4 29.fxg5 hxg5
30.Re1 Rd5 31.Kf3 Rxe5 32.Rxe5+ Kxe5 33.Re2+ Kd6 34.h4 gxh4 35.gxh4 e5 36.h5 Rh6
37.Rh2 Ke6 38.Kg3 Kf6 39.Rh4 Rh7  0-1

[Event "II Maremma Open"]
[Site "Grosseto ITA"]
[Date "2013.05.09"]
[Round "1"]
[White "Di Primio,E"]
[Black "Libiszewski,F"]
[Result "0-1"]
[WhiteElo "1972"]
[BlackElo "2501"]

1.e4 c5 2.Nc3 Nc6 3.Bb5 g6 4.Bxc6 bxc6 5.d3 Bg7 6.Nf3 e5 7.Be3 d6 8.O-O h6
9.Ne2 Ne7 10.c3 f5 11.exf5 Nxf5 12.Qa4 Bd7 13.Ng3 O-O 14.Rad1 Rf7 15.Bc1 Qc7
16.Ne4 Raf8 17.h3 Ne7 18.Nh2 Nd5 19.Qc2 Nf4 20.Ng4 Bf5 21.Kh2 g5 22.Bxf4 exf4
23.f3 h5 24.Ngf2 Qe7 25.Rfe1 d5 26.Nd2 Qd6 27.Kg1 c4 28.b3 cxd3 29.Nxd3 Qg6
30.Nf1 g4  0-1

[Event "Somov Memorial 2013"]
[Site "Kirishi RUS"]
[Date "2013.05.14"]
[Round "7.4"]
[White "Eliseev,U"]
[Black "Aravindh,Chithambaram VR."]
[Result "1/2-1/2"]
[WhiteElo "2557"]
[BlackElo "2328"]

1.e4 c5 2.Nf3 Nc6 3.Nc3 e5 4.Bc4 Be7 5.d3 Nf6 6.O-O d6 7.Bg5 O-O 8.Bxf6 Bxf6
9.Nd5 g6 10.a3 Bg7 11.b4 Kh8 12.Nd2 Rb8 13.c3 Ne7 14.Qa4 a6 15.Nxe7 Qxe7
16.b5 Bd7 17.Rab1 f5 18.Qc2 axb5 19.Bxb5 Be6 20.Bc4 Bd7 21.a4 Bh6 22.Rfd1 Bc6
23.Bd5 fxe4 24.dxe4 Bxd5 25.exd5 Bxd2 26.Rxd2 Ra8 27.Rb5 Rf7 28.c4 Qg5 29.a5 Raf8
30.Re2 Ra8 31.Qc3 Rf3 32.Re3 Rxe3 33.fxe3 Qe7 34.Qb2 Qg5 35.Qf2 Qe7 36.h3 Rc8
37.Rb6 Kg7 38.Qb2 Rc7 39.Kh2 h5 40.Qf2 Rd7 41.Rb1 Rd8 42.Rf1 Ra8 43.Qa2 Qc7
44.Qa4 Rf8 45.Rb1 Rf7 46.a6 bxa6 47.Qxa6 Qe7 48.Qc8 e4 49.Rb8  1/2-1/2

[Event "27th Metropolitan GM"]
[Site "Los Angeles USA"]
[Date "2013.05.17"]
[Round "6"]
[White "Matikozian,A"]
[Black "Khachiyan,M"]
[Result "1-0"]
[WhiteElo "2441"]
[BlackElo "2518"]

1.e4 c5 2.Nf3 Nc6 3.Nc3 g6 4.d4 cxd4 5.Nxd4 Bg7 6.Be3 Nf6 7.Bc4 d6 8.f3 O-O
9.Bb3 Qa5 10.Qd2 Nxd4 11.Bxd4 Be6 12.O-O-O Bxb3 13.cxb3 Rfc8 14.Kb1 Rc6 15.g4 b5
16.g5 Nh5 17.Bxg7 Kxg7 18.Qd5 Rac8 19.Qxb5 Qxb5 20.Nxb5 Rc5 21.Rd5 a5 22.h4 Rxd5
23.exd5 Nf4 24.Nc3 Rc5 25.Rd1 f5 26.Rd4 Ng2 27.b4 axb4 28.Rxb4 Ne1 29.f4 Ng2
30.a4 Nxh4 31.Kc2 h5 32.gxh6+ Kxh6 33.Kd3 g5 34.fxg5+ Kxg5 35.Rc4 Ng6 36.Rxc5 dxc5
37.a5 Ne5+ 38.Ke2 Nd7 39.Na4  1-0

[Event "27th Metropolitan GM"]
[Site "Los Angeles USA"]
[Date "2013.05.18"]
[Round "8"]
[White "Matikozian,A"]
[Black "Georgiev,Vl"]
[Result "1-0"]
[WhiteElo "2441"]
[BlackElo "2559"]

1.e4 c5 2.Nf3 Nc6 3.Nc3 d6 4.d4 cxd4 5.Nxd4 Nf6 6.Bc4 Qb6 7.Nb3 e6 8.Bf4 Ne5
9.Be2 a6 10.Be3 Qc7 11.f4 Nc4 12.Bxc4 Qxc4 13.Qf3 Be7 14.O-O-O Qc7 15.g4 b5
16.g5 Nd7 17.a3 Bb7 18.Rhf1 Rc8 19.Kb1 Nb6 20.f5 exf5 21.Qxf5 O-O 22.Bd4 Na4
23.Rd3 Nxc3+ 24.Rxc3 Qd8 25.Rh3 g6 26.Rxh7  1-0

[Event "Asian Continental 2013"]
[Site "Manila PHI"]
[Date "2013.05.18"]
[Round "1.21"]
[White "Bersamina,Paulo"]
[Black "Wan Yunguo"]
[Result "0-1"]
[WhiteElo "2283"]
[BlackElo "2509"]

1.e4 c5 2.Nc3 Nc6 3.Nf3 g6 4.d4 cxd4 5.Nxd4 Bg7 6.Be3 Nf6 7.Bc4 O-O 8.Bb3 d6
9.f3 Bd7 10.O-O Nxd4 11.Bxd4 Bc6 12.Qd2 Qa5 13.Rad1 Nd7 14.Ne2 Qxd2 15.Rxd2 Bb5
16.Rfd1 Bxe2 17.Rxe2 Bxd4+ 18.Rxd4 Rfc8 19.f4 Rc7 20.c3 Rb8 21.Kf2 b5 22.g3 a5
23.a3 Nc5 24.Ba2 b4 25.axb4 axb4 26.cxb4 Na6 27.b5 Rxb5 28.Rc4 Nc5 29.Kf3 Ra7
30.b4 Ra3+ 31.Kg2 Nd3 32.Bb1 Nxb4 33.Rb2 Ra4 34.Rc7 Kf8 35.Rc8+ Kg7 36.Rd2 Ra7
37.Rb2 Rab7 38.Kh3 h5 39.Rb3 Nd5 40.Rxb5 Rxb5 41.Ba2 Nf6 42.Rc2 Nxe4  0-1

[Event "Asian Continental 2013"]
[Site "Manila PHI"]
[Date "2013.05.19"]
[Round "2.29"]
[White "Mariano,N2"]
[Black "Garcia,Jan"]
[Result "1/2-1/2"]
[WhiteElo "2282"]
[BlackElo "2401"]

1.e4 c5 2.Nc3 Nc6 3.Nge2 g6 4.g3 Bg7 5.Bg2 e6 6.O-O Nge7 7.d3 O-O 8.Bg5 h6
9.Be3 Nd4 10.Qd2 Kh7 11.Rab1 d6 12.b4 Rb8 13.e5 dxe5 14.bxc5 Qa5 15.Bxd4 exd4
16.Ne4 Qc7 17.Qb4 Nc6 18.Qa3 b5 19.cxb6 Rxb6 20.Qc5 Qe7 21.Qxe7 Nxe7 22.Rxb6 axb6
23.Rb1 e5 24.Rxb6 Be6 25.Rb7 Nf5 26.a4 Rc8 27.Rb2 Bf8 28.a5 Rc7 29.Nf6+ Kh8
30.a6 Bc5 31.Rb8+ Rc8 32.Rb5 Ba7 33.Rb7 Rxc2 34.Bf3 Bc5 35.a7 Bxa7 36.Rxa7 Rd2
37.Ra3 Nd6 38.Kg2 Kg7 39.Ne4 Nxe4 40.dxe4 Bc4 41.Nc1 h5 42.h4 Kf6 43.g4 hxg4
44.Bxg4 Kg7 45.Nb3 Rd3 46.Na5 Rxa3 47.Nxc4 Ra8  1/2-1/2

[Event "BSG Pinkstertoernooi KO 2013"]
[Site "Bussum NED"]
[Date "2013.05.20"]
[Round "3.2"]
[White "Reinderman,D"]
[Black "Swinkels,R"]
[Result "1/2-1/2"]
[WhiteElo "2571"]
[BlackElo "2525"]

1.e4 c5 2.Nc3 Nc6 3.Nge2 d6 4.g3 g6 5.d4 cxd4 6.Nxd4 Bg7 7.Nde2 Nf6 8.Bg2 Bd7
9.h3 Qc8 10.a4 O-O 11.Nf4 Ne5 12.O-O Bc6 13.Qe2 Re8 14.Be3 b6 15.Rfe1 Qb7
16.Nfd5 Bxd5 17.exd5 Rac8 18.Ra2 a6 19.Kh2 Ned7 20.Qd2 Nc5 21.Ne2 Nfe4 22.Qd1 a5
23.c4 Qd7 24.Nd4 Nf6 25.Nb5 h6 26.b3 Kh7 27.Rae2 Ng8 28.Bd4 Bxd4 29.Nxd4 Rc7
30.Re3 Nf6 31.Nc6 e5 32.dxe6 fxe6 33.Nd4 e5 34.Nb5 Rd8 35.Nxc7 Qxc7 36.f4 e4
37.Qd4 Qf7 38.Bxe4 Ncxe4 39.Rxe4 Nxe4 40.Qxe4 Rd7 41.Qe6 Qg7 42.f5 Rf7 43.fxg6+ Qxg6
44.Qxg6+ Kxg6 45.Re6+ Kg7 46.Rxd6 Rf2+ 47.Kg1 Rf3 48.Rxb6 Rxg3+ 49.Kh2 Rc3
50.h4  1/2-1/2

[Event "7th IBC Limburg Open"]
[Site "Limburg NED"]
[Date "2013.05.20"]
[Round "7.10"]
[White "Hamblok,R"]
[Black "Jeitz,C"]
[Result "1-0"]
[WhiteElo "2257"]
[BlackElo "2217"]

1.e4 c5 2.Nc3 Nc6 3.Bb5 Nd4 4.Bc4 e6 5.Nge2 Ne7 6.O-O Nec6 7.d3 a6 8.a3 Be7
9.f4 d6 10.Ng3 g6 11.f5 Ne5 12.Ba2 Bd7 13.fxe6 fxe6 14.Nce2 Nxe2+ 15.Nxe2 Bf6
16.Nf4 Qe7 17.c3 O-O-O 18.d4 Nf7 19.d5 e5 20.Ne6 Bxe6 21.dxe6 Ng5 22.Bxg5 Bxg5
23.Rf7 Qe8 24.Bd5 b6 25.Bb7+ Kb8 26.Qd5 Rc8 27.Qxd6+  1-0

[Event "22nd TCh-CRO Cup 2013"]
[Site "Bol na Bracu CRO"]
[Date "2013.05.26"]
[Round "6.31"]
[White "Jovanovic,Zo CRO"]
[Black "Sulc,Da"]
[Result "1-0"]
[WhiteElo "2529"]
[BlackElo "2243"]

1.e4 c5 2.Nc3 Nc6 3.Bb5 Nd4 4.Bc4 g6 5.Nf3 Bg7 6.Nxd4 cxd4 7.Qf3 Nf6 8.Nb5 O-O
9.Nxd4 d5 10.exd5 Ng4 11.c3 Qc7 12.d3 Nxh2 13.Qf4 Qxf4 14.Bxf4 Ng4 15.Nc2 Bd7
16.a4 Rac8 17.Ne3 Ne5 18.Bxe5 Bxe5 19.Bb5 Rfd8 20.g3 h5 21.Ke2 Rc7 22.d4 Bf6
23.Bxd7 Rcxd7 24.f4 Kg7 25.Kd3 Rc7 26.Rh2 Rcc8 27.Rah1 Kg8 28.g4 hxg4 29.Nxg4 Bg7
30.Ne3 Rd6 31.f5 Ra6 32.Rg2 Rb8 33.Rhg1 b5 34.fxg6 fxg6 35.Rxg6 Rxg6 36.Rxg6 Kf7
37.Ra6  1-0

[Event "Hungarian National Open 2013"]
[Site "Zalakaros HUN"]
[Date "2013.05.28"]
[Round "7"]
[White "Czebe,A"]
[Black "Peczely,S"]
[Result "1-0"]
[WhiteElo "2490"]
[BlackElo "2147"]

1.e4 c5 2.Nc3 Nc6 3.Nge2 g6 4.d4 cxd4 5.Nxd4 Bg7 6.Be3 d6 7.Bc4 Nf6 8.f3 O-O
9.Qe2 Ne5 10.Bb3 Bd7 11.O-O-O Qa5 12.Kb1 Rfc8 13.Bg5 Nc6 14.Nxc6 Bxc6 15.Nd5 Bxd5
16.exd5 Rc7 17.h4 Rac8 18.h5 Nxh5 19.g4 Nf6 20.Qh2 Qb6 21.c3 a5 22.Rd4 h5
23.Qd2 Nh7 24.Be3 Qb5 25.Ba4 Qa6 26.gxh5 b5 27.Bc2 Nf8 28.hxg6 fxg6 29.Qh2 b4
30.Bxg6 Nxg6 31.Qh7+ Kf7 32.Rg1 e5 33.Qxg6+ Kf8 34.Rh4 Rf7 35.Rh7 Rcc7 36.Bh6 bxc3  1-0

[Event "ch-CZE w 2013"]
[Site "Ledec nad Sazavou CZE"]
[Date "2013.05.29"]
[Round "7.2"]
[White "Mareckova,M"]
[Black "Suchomelova,Simona"]
[Result "1/2-1/2"]
[WhiteElo "2095"]
[BlackElo "1762"]

1.e4 c5 2.Nc3 Nc6 3.Bb5 Nd4 4.Bc4 d6 5.Nge2 Nxe2 6.Qxe2 Nf6 7.O-O e6 8.f4 Be7
9.e5 dxe5 10.fxe5 Nd7 11.d3 O-O 12.Bf4 Nb6 13.Kh1 Nd5 14.Qg4 Nxf4 15.Rxf4 Qc7
16.Re1 a6 17.Qh5 b5 18.Bb3 f5 19.Nd5 Qd8 20.Nxe7+ Qxe7 21.a4  1/2-1/2